WINDOWS SERVER 2003 SECURITY BIBLE (Record no. 938)

MARC details
000 -LEADER
fixed length control field 00335nam a2200133Ia 4500
008 - FIXED-LENGTH DATA ELEMENTS--GENERAL INFORMATION
fixed length control field 240624s9999 xx 000 0 und d
041 ## - LANGUAGE CODE
Language code of text/sound track or separate title eng
082 ## - DEWEY DECIMAL CLASSIFICATION NUMBER
Classification number 005.758 RAM
100 ## - MAIN ENTRY--PERSONAL NAME
Personal name RAMPLING BLAIR
245 ## - TITLE STATEMENT
Title WINDOWS SERVER 2003 SECURITY BIBLE
260 ## - PUBLICATION, DISTRIBUTION, ETC.
Date of publication, distribution, etc. 2003
Place of publication, distribution, etc. New Delhi
Name of publisher, distributor, etc. Wiley Dreamtech India
300 ## - PHYSICAL DESCRIPTION
Extent xii, : 577
365 ## - TRADE PRICE
Currency code RS
Holdings
Withdrawn status Lost status Damaged status Not for loan Home library Current library Shelving location Date acquired Source of acquisition Cost, normal purchase price Total Holds Full call number Barcode Date last seen Copy number Price effective from Koha item type
        IMTN IMTN Rack 3-B 10/29/2004 JBD 399.00 1329 005.758 RAM 938 06/24/2024 1 06/24/2024 Books
Designed & Maintained by: LRC IMT Nagpur Contact: lrc@imtnag.ac.in© 2024. All Rights Reserved.